Psychology for you (Record no. 65)
[ view plain ]
| 000 -LEADER | |
|---|---|
| fixed length control field | 00686nam a22001697a 4500 |
| 008 - FIXED-LENGTH DATA ELEMENTS--GENERAL INFORMATION | |
| fixed length control field | 110905t xxu||||| |||| 00| 0 eng d |
| 020 ## - INTERNATIONAL STANDARD BOOK NUMBER | |
| International Standard Book Number | 0871051664 9780871051660 |
| 050 ## - LIBRARY OF CONGRESS CALL NUMBER | |
| Classification number | BF121.G96 |
| 100 ## - MAIN ENTRY--PERSONAL NAME | |
| Personal name | Gordon, Sol |
| 245 ## - TITLE STATEMENT | |
| Title | Psychology for you |
| Statement of responsibility, etc. | Sol Gordon |
| 260 ## - PUBLICATION, DISTRIBUTION, ETC. | |
| Place of publication, distribution, etc. | New York : |
| Name of publisher, distributor, etc. | Sadlier-Oxford, |
| Date of publication, distribution, etc. | 1983. |
| 300 ## - PHYSICAL DESCRIPTION | |
| Extent | 559 p. : |
| Other physical details | ill. ; |
| Dimensions | 23 cm. |
| 500 ## - GENERAL NOTE | |
| General note | Includes index |
| 505 ## - FORMATTED CONTENTS NOTE | |
| Formatted contents note | Contents: Psychology and the individual -- Theories of human behavior -- Realms of the unconscious -- The Psychology of social change -- Psychology and social problems -- Psychology and education |
| 650 ## - SUBJECT ADDED ENTRY--TOPICAL TERM | |
| Topical term or geographic name entry element | Psychology |
| General subdivision | Study and teaching (Secondary) |
| -- | United States |
| 942 ## - ADDED ENTRY ELEMENTS (KOHA) | |
| Source of classification or shelving scheme | Library of Congress Classification |
| Koha item type | Books |
| Withdrawn status | Lost status | Source of classification or shelving scheme | Damaged status | Not for loan | Home library | Current library | Shelving location | Date acquired | Total Checkouts | Full call number | Barcode | Date last seen | Copy number | Price effective from | Koha item type |
|---|---|---|---|---|---|---|---|---|---|---|---|---|---|---|---|
| Library of Congress Classification | WISCONSIN INTERNATIONAL UNIVERSITY COLLEGE, GHANA - MAIN LIBRARY | WISCONSIN INTERNATIONAL UNIVERSITY COLLEGE, GHANA - MAIN LIBRARY | General Stacks | 05/09/2011 | BF121.G96 | 152/11 | 05/09/2011 | 1 | 05/09/2011 | Books | |||||
| Library of Congress Classification | WISCONSIN INTERNATIONAL UNIVERSITY COLLEGE, GHANA - MAIN LIBRARY | WISCONSIN INTERNATIONAL UNIVERSITY COLLEGE, GHANA - MAIN LIBRARY | General Stacks | 05/09/2011 | BF121.G961 | 153/11 | 05/09/2011 | 2 | 05/09/2011 | Books |
